000 00400nam a2200145 i 4500
001 bg
100 1 _aNOWACKI, Tadeusz.
245 0 _aMechanizacja rolnictwa :
_bporadnik dla studentów Akademii Rolniczej.
_nT. 3 /
_cTadeusz Nowacki.
250 _aWyd.2 przerob. i uzup.
260 _aWarszawa,
_c1974.
040 _cBPK
041 _apol
942 _cKS
008 s pl f |000 0 pol
999 _c26017
_d26017
856 _uhttp://koha.tu.koszalin.pl/cgi-bin/koha/opac-detail.pl?biblionumber=26017
_yKatalog online BPK